000 00261cam a2200109ua 4500
082 _a823.308
_bPUS/CA
100 _aPushkin, A J .
_91747
245 _aCaptain`s Daughter /
260 _aMoscow :
_bProgress Publishers ,
_c1965.
300 _a135 ; .
942 _cBK
999 _c4902
_d4902